00509nam a2200193 a 4500001001300000003000900013005001700022008004100039020001000080082001800090100002200108245003800130260003400168300000900202500003500211505002400246650002300270700002200293nice12345678IN_TiNIC20260116011422.0050524s1965 lona grp 000 0 eng  ac10000a297.1977bPRO aProctor, J Harris aIslam and International Relations aLondonbPall Mall Pressc1965 a221p aincludes index and biblioraphy2 aBibliography, Index aIslam and Politics1 aProctor, J Harris